Wymień wszystkie stolice województw Polski - Statystyki

Ogólne statystyki
  • Ten quiz został rozwiązany 286 razy
  • Średni wynik to 14 z 16
Statystyki odpowiedzi
Województwo Stolica % Poprawnych
Pomorskie Gdańsk
97%
Mazowieckie Warszawa
97%
Łódzkie Łódź
96%
Małopolskie Kraków
95%
Lubelskie Lublin
93%
Wielkopolskie Poznań
92%
Śląskie Katowice
91%
Opolskie Opole
91%
Zachodniopomorskie Szczecin
91%
Podlaskie Białystok
90%
Dolnośląskie Wrocław
90%
Kujawsko-Pomorskie Bydgoszcz
82%
Lubuskie Zielona Góra / Gorzów Wielkopolski
82%
Podkarpackie Rzeszów
81%
Świętokrzyskie Kielce
80%
Warmińsko-Mazurskie Olsztyn
78%
Nie znaleziono quizów pasujących do podanych kryteriów
Rozkład punktacji
Procent ludzi z każdym wynikiem
Percentyl według liczby udzielonych odpowiedzi
Twoja historia wyników
Nie rozwiązałeś tego quizu